1146 1678 1024 1133 1946 1717 1563 1467 1085 1691 1523 1332 1244 1047 1582 1315 1945 1871 1675 1522 1300 1046 1812 1963 1722 1621 1024 1351 1278 1586 1083 1588 1895 1997 1463 1189 1758 1625 1750 1466 1241 1716 1038 1534 1465 1176 1021 1576 1223 1486 1091 1449 1911 1418 1661 1132 1971 1167 1916 1326 1822 1930 1267 1760 1077 1177 1921 1017 1700 1492 1319 1263 1472 1299 1131 1769 1127 1797 1203 1887 1802 1449 1690 1554 1901 1752 1669 1510 1444 1529 1434 1528 1996 1957 1881 1479 1907 1405 1394 BCNSPRNW ULIB Ver.6.0+V

เปลี่ยนเป็นภาษาไทย

Change to English
 แสดงรายละเอียดบรรณานุกรม
  กลับหน้าหลัก

Brief Record : Get Marc (ISO 2709) : E-mail record : QR code < ปิดหน้าต่าง
LEADER : 00000nam 2200000uu 4500
001    13399123207
003     ULIB
008    020711s2551 th a 000 0 tha d
020    9789744263438
090    นว.^bอ727อ
100    อิทธิพล คมขำ
245    อนาคตกำหนดรัก /^cอิทธิพล คมขำ
260    กรุงเทพฯ :^bLemongreen,^c2551
300    272 หน้า;^b21 ซม.
710    Lemongreen
945    ^p199^l0^i20343
999    ^aทศพร เกษรทอง
รายการนี้ยังไม่มีแท็ก
คุณยังไม่ได้ล็อกอิน คุณสามารถมีกิจกรรมร่วมกับเว็บไซต์ได้ แต่ต้องล็อกอินก่อน ::
  ล็อกอิน

รายการสื่อสารสนเทศ

ลำดับที่ ประเภท เลขเรียก/บาร์โค้ด สถานที่ สถานะ
1. นวนิยาย
นวนิยาย
นว. อ727อ ฉ.1 
  Barcode: 20343
ห้องสมุดวิทยาเขตนครสวรรค์
►นวนิยาย:l:Fiction
บนชั้น

BibComment


ยังไม่เคยถูกคอมเมนท์

คอมเมนท์ทรัพยากรรายการนี้
  คอมเมนท์: อนาคตกำหนดรัก อิ..


 Copyright 2026. Bcnsprnw @Library